01038nam a2200217Ia 4500003000900000008004100009040001600050080001900066111012300085245023500208260003500443300001000478490008100488650004100569650001700610650002600627700002500653942000700678999001500685952012000700IN-BaIIA211028s9999 xx 000 0 eng d cIIA Library a063:53bENF-24 aInternational School of Physics "Enrico Fermi" CoursecVarenna Sul Lago di Como, Villa Monasterod1962 June 4-1694452 0aSpace exploration and the solar systembproceedings of the international school of Physics "Enrico Fermi" course held in Varenna Sul Lago di Como, Villa Monasteroc edited by B. Rossi  aNew YorkbAcademic Pressc1964 a311p. aProceedings of the international school of Physics Enrico Fermi course v. 24 aAstronomy and Astrophysics thesaurus aSolar system aSpace astronomy93005 aRossi, B., ed.94453 cBK c2491d2491 00104070aBANbBANcGENd1965-07-06g58.50l0o063:53/ ENF-24p2778r2021-11-05v58.50w1965-07-06yBKGRs. 58.50